Comisarios generales del Perú / (Record no. 27171)

MARC details
000 -LEADER
campo de control de longitud fija 00956nam a2200265 i 4500
001 - NÚMERO DE CONTROL
campo de control 27171
003 - IDENTIFICADOR DE NÚMERO DE CONTROL
campo de control ES-MaACL
005 - FECHA Y HORA DE LA ÚLTIMA TRANSACCIÓN
campo de control 20231011063056.0
007 - CAMPO FIJO DE DESCRIPCIÓN FÍSICA--INFORMACIÓN GENERAL
campo de control de longitud fija t|
008 - DATOS DE LONGITUD FIJA--INFORMACIÓN GENERAL
campo de control de longitud fija 030113s1950 sp ||||1| spa d
040 ## - FUENTE DE CATALOGACIÓN
Centro/agencia transcriptor ES-MaACL
080 ## - NÚMERO DE LA CLASIFICACIÓN DECIMAL UNIVERSAL
Identificador de la edición 929(85):27-789.32
100 1# - ENTRADA PRINCIPAL--NOMBRE DE PERSONA
Nombre de persona Arroyo, Luis,
Fechas asociadas al nombre 1890-1976
9 (RLIN) 234331
245 10 - MENCIÓN DEL TÍTULO
Título Comisarios generales del Perú /
Mención de responsabilidad, etc. por Luis Arroyo ; edición y prólogo de Fidel de Lejarza.
260 ## - PUBLICACIÓN, DISTRIBUCIÓN, ETC.
Lugar de publicación, distribución, etc. Madrid :
Nombre del editor, distribuidor, etc. Consejo Superior de Investigaciones Científicas, Instituto Santo Toribio de Mogrovejo,
Fecha de publicación, distribución, etc. 1950
300 ## - DESCRIPCIÓN FÍSICA
Extensión XXI, 594 p. ;
Dimensiones 21 cm.
490 1# - MENCIÓN DE SERIE
Mención de serie Missionalia Hispánica. Serie B ;
Designación de volumen o secuencia 3
700 1# - ENTRADA AGREGADA--NOMBRE PERSONAL
Nombre de persona Lejarza, Fidel de
Títulos y otros términos asociados al nombre , Fray.
9 (RLIN) 71416
710 2# - ENTRADA AGREGADA--NOMBRE DE ENTIDAD CORPORATIVA
Nombre de entidad corporativa o nombre de jurisdicción como elemento de entrada Instituto Santo Toribio de Mogrovejo.
9 (RLIN) 181352
830 0# - PUNTO DE ACCESO ADICIONAL DE SERIE-TÍTULO UNIFORME
Título uniforme Missionalia Hispánica. Serie B ;
Designación de volumen o secuencia 3
9 (RLIN) 181353
852 ## - LOCALIZACIÓN
Ubicación ES-MaACL
Número de control de estantería D-7683
Sublocalización o colección R.29597
942 ## - ELEMENTOS DE ENTRADA SECUNDARIOS (KOHA)
Tipo de ítem Koha Libro impreso
Suprimir en OPAC No
Holdings
Estatus retirado Estado de pérdida Estado de daño No para préstamo Biblioteca de origen Biblioteca actual Ubicación en estantería Fecha de adquisición Fuente de adquisición Total de préstamos Signatura topográfica completa Código de barras Visto por última vez Precio de reemplazo Tipo de ítem Koha
        Biblioteca del Ateneo de Madrid Biblioteca del Ateneo de Madrid Sala Valle Inclán 17/01/2008     D-7683 901028043 23/02/2023 23/02/2023 Libro impreso